Arnol'd fitness for kids ages birth-5 : a guide to health, exercise, and nutrition (Record no. 9328)
[ view plain ]
| 000 -LEADER | |
|---|---|
| fixed length control field | 00841nam a22002177a 4500 |
| 003 - CONTROL NUMBER IDENTIFIER | |
| control field | OST |
| 005 - DATE AND TIME OF LATEST TRANSACTION | |
| control field | 20140310182108.0 |
| 008 - FIXED-LENGTH DATA ELEMENTS--GENERAL INFORMATION | |
| fixed length control field | 130824t xxu||||| |||| 00| 0 eng d |
| 020 ## - INTERNATIONAL STANDARD BOOK NUMBER | |
| International Standard Book Number | 9780385422666 |
| 050 ## - LIBRARY OF CONGRESS CALL NUMBER | |
| Classification number | GV 546.6.C45 |
| Item number | .Sch36 1993 |
| 082 ## - DEWEY DECIMAL CLASSIFICATION NUMBER | |
| Classification number | HS 646.75 |
| Item number | Sch9 1993 |
| 100 S# - MAIN ENTRY--PERSONAL NAME | |
| Personal name | Schwarzenegger, Arnold |
| 9 (RLIN) | 12914 |
| 245 ## - TITLE STATEMENT | |
| Title | Arnol'd fitness for kids ages birth-5 : a guide to health, exercise, and nutrition |
| Remainder of title | (Fitness for kids ages birth-5) |
| Statement of responsibility, etc | Arnold Schwarzeneger with Charles |
| 260 ## - PUBLICATION, DISTRIBUTION, ETC. (IMPRINT) | |
| Place of publication, distribution, etc | New York : |
| Name of publisher, distributor, etc | Fitness Publication, |
| Date of publication, distribution, etc | 1993. |
| 300 ## - PHYSICAL DESCRIPTION | |
| Extent | 101 p. : |
| Other physical details | ill. (some col.) ; |
| Dimensions | 29 cm. |
| 650 ## - SUBJECT ADDED ENTRY--TOPICAL TERM | |
| Topical term or geographic name as entry element | Body building for children |
| General subdivision | Juvenille literature |
| 9 (RLIN) | 13234 |
| 650 ## - SUBJECT ADDED ENTRY--TOPICAL TERM | |
| Topical term or geographic name as entry element | Exercise for children |
| General subdivision | Juvenile literature |
| 9 (RLIN) | 13235 |
| 650 ## - SUBJECT ADDED ENTRY--TOPICAL TERM | |
| Topical term or geographic name as entry element | Children--Nutrition |
| General subdivision | Juvenile literature |
| 9 (RLIN) | 13236 |
| 942 ## - ADDED ENTRY ELEMENTS (KOHA) | |
| Source of classification or shelving scheme | Library of Congress Classification |
| Koha item type | |
| Withdrawn status | Lost status | Source of classification or shelving scheme | Damaged status | Home library | Current library | Shelving location | Date acquired | Total Checkouts | Full call number | Barcode | Date last seen | Copy number | Price effective from | Koha item type |
|---|---|---|---|---|---|---|---|---|---|---|---|---|---|---|
| Library of Congress Classification | Luxembourg Library | Luxembourg Library | High School Section | 08/24/2013 | GV 546.6.C45 .Sch36 1993 | 5944 | 08/24/2013 | 1 | 08/24/2013 | Books |